Pokemon de la 1G par définitions Pokedex - Statistiques

Statistiques générales
  • Ce quiz a été pris 770 fois
  • Le résultat moyen est 14 sur 20
Statistiques - réponses
Description Pokedex Pokemon % Correct
Sa nature défie les lois de la gravité. Il flotte grâce à un champ électromagnétique. Magnéti
92%
Très paresseux, il ne fait que manger et dormir. Plus il est gros, plus il devient fainéant. Ronflex
92%
Son corps instable constitué de gaz toxiques peut exploser soudainement. Smogo
90%
Ses tentacules sont rétractées au repos. En situation de chasse, ils rallongent. Tentacruel
90%
Un Pokemon légendaire. Il glace la vapeur d'eau contenue dans l'air pour faire de la neige. Artikodin
89%
Il peut ronger n'importe quoi. Quand on en voit un, il y en a certainement 40 dans le coin. Rattata
88%
Vivant dans des tas d'ordure, il se nourrit des déchets polluants rejetés par les usines. Tadmorv
88%
Son énorme pince peut déployer une pression de 1000 Kg. Mais elle est très encombrante. Krabboss
84%
Les nuits de pleine lune, il imite l'ombre des passants et se moque de leur effroi. Ectoplasma
82%
Dérangez le pendant qu'il mime, et il vous distribuera une volée de claques. M.Mime
77%
Capable de sauter très haut, ses sabots et ses pattes peuvent absorber l'impact de l'atterisage. Ponyta
75%
Il attire sa proie avec une odeur de miel et l'avale en entier. Il la digère en un seul jour. Empiflor
70%
Il provoque des pannes de courant dans les centrales en mangeant de l'électricité. Elektek
67%
Sa queue est dressée quand il est aux aguets. Si vous tirez dessus, il vous mordra. Pikachu
56%
Avec une ossature 1000 fois plus résistante que celle de l'homme, ses charges sont dévastatrices. Rhinocorne
55%
S'il est pressé, ses jambes s'allongent progressivement. Il court très rapidement. Kicklee
51%
On raconte que ce Pokemon vit quelque part dans la mer et qu'il peut voler. Rien n'est moins sûr. Dracolosse
48%
Un Pokemon très recherché pour sa grâce légendaire. Son pas élégant semble glisser sur le vent. Arcanin
46%
Il se cache au fond de l'eau pour guetter sa proie. Ses oreilles sont des gouvernails. Carabaffe
27%
Quand on touche l'appendice sur son front, il sécrète un gaz puant pour se protéger. Chenipan
17%
Aucun quiz correspondant
Distribution des résultats
% des personnes avec chaque résultat
Percentile par nombre de réponses
Votre historique - résultats
Vous n’avez pas pris ce quiz